Statystyki dla Kraje Najbliżej Kenii

Kliknij tutaj aby rozwiązać quiz!

Ogólne statystyki

  • Ten quiz został rozwiązany 351 razy
  • Średni wynik to 14 z 20

Statystyki odpowiedzi

kmkraj% Poprawnych
0Etiopia
91%
0Somalia
91%
518Sudan
89%
0Sudan Poludniowy
86%
0Tanzania
81%
923Erytrea
79%
0Uganda
78%
348Demokratyczna
Republika Konga
76%
365Rwanda
74%
752Dzibuti
69%
658Mozambik
69%
1437Czad
68%
735Republika
Srodkowoafrykanska
65%
1365Madagaskar
60%
419Burundi
58%
974Jemen
56%
1365Arabia Saudyjska
52%
795Malawi
51%
932Seszele
47%
871Komory
43%

Rozkład punktacji

Percentyl według liczby udzielonych odpowiedzi

Procent ludzi z każdym wynikiem

Twoja historia wyników

Nie rozwiązałeś tego quizu